| 000 | 00881nam a2200325 4500 | ||
|---|---|---|---|
| 001 | 2387 | ||
| 003 | DO-SdBNP | ||
| 005 | 20180201090744.0 | ||
| 007 | 2387 | ||
| 008 | 850110s1989 sp a 000 spa | ||
| 016 | 7 |
_a _z _2BPMSU |
|
| 017 |
_a _b |
||
| 020 | _a8424680472 | ||
| 035 | _a | ||
| 040 |
_aBPMSU _bspa _cBPMSU _e |
||
| 041 | 1 |
_aspañol _h catalán |
|
| 080 | 0 | _a | |
| 100 | 1 |
_aSempé, Jean-Jaques _d1932- |
|
| 240 | 1 | 3 |
_a _l |
| 245 | 1 | 3 |
_aEl petit Nicolas / _h _cSempé Goscinny ; traducción Núria Vilá, Enric Larreula |
| 250 | _a Le petit Nicolas | ||
| 260 |
_aMadrid : _bLa Galera, _c1985 |
||
| 300 |
_a138 p. : _bil. ; _c19 cm |
||
| 490 | 0 |
_a Els Gumes de Mar enlla _v47 |
|
| 700 | 1 | _c | |
| 830 |
_a Els Gumes de Mar enlla _v47 |
||
| 942 |
_2ddc _cBK |
||
| 945 | _aInventariado, 2018/ YL | ||
| 956 |
_aVMATEO _210 _320160421 _6BPMSU _80069 |
||
| 999 |
_c10898 _d10898 |
||